Fundamentals of Radiation Materials Science : Metals and Alloys /

Salvato in:
Dettagli Bibliografici
Autore principale: Was, Gary S. (Autore)
Natura: Libro
Lingua:inglese
Pubblicazione: New York : Springer, 2017
Edizione:Second Edition
Tags: Aggiungi Tag
Nessun Tag, puoi essere il primo ad aggiungerne!!

MARC

LEADER 00000nam a22000003a 4500
001 0089416
003 SK-STU
005 20210709085027.0
007 ta
008 210709s ----xo-----e------000-0-----d
020 |a 978-1-4939-3436-2 
040 |a STU  |b slo 
041 0 |a eng 
044 |a xxu 
080 |a 539.16.04 
100 1 |a Was, Gary S.  |4 aut 
245 1 0 |a Fundamentals of Radiation Materials Science :  |b Metals and Alloys /  |c aut. Gary S Was 
250 |a Second Edition 
260 |a New York :  |b Springer,  |c 2017 
300 |a 1002 s. 
996 |b 284EK90264  |c E* 90264  |l EE36  |s P  |a 0  |w 0089416_0001 
996 |b 284EK91176  |c E* 91176  |l EE36  |s P  |a 0  |w 0089416_0002